| 000 | 00667nam a22001697a 4500 | ||
|---|---|---|---|
| 999 |
_c11631 _d11631 |
||
| 008 | 181213b ||||| |||| 00| 0 eng d | ||
| 082 |
_22018 _aUT 1103 _bM32 |
||
| 100 |
_aMapula, Arthurbonn M. _932941 |
||
| 245 |
_aUM Digos College online internship / OJT management system / _cArthurbonn M. Mapula, Hannah B. Mejorada, and John reymar S. Remitar |
||
| 260 |
_aDigos City: _bUMDC _cApril 2018. |
||
| 300 |
_a202 pages ; _b30 cm. |
||
| 650 |
_aTechnical Program _vInformation Technology _xUndergraduate thesis. _933272 |
||
| 700 |
_aMapula, Arthurbonn M. _932941 |
||
| 700 |
_aMejorada, Hannah B. _932942 |
||
| 700 |
_aRemitar, John Reymar S. _932940 |
||
| 942 |
_2ddc _cUT |
||